Effect of walnut-shell filler as sustainable material with silane to replace carbon black in natural rubber-based tire tread compound (Record no. 75264)

MARC details
000 -LEADER
fixed length control field 00675nam a22002297a 4500
100 ## - MAIN ENTRY--AUTHOR NAME
Personal name Chundawat, N.S.
245 ## - TITLE STATEMENT
Title Effect of walnut-shell filler as sustainable material with silane to replace carbon black in natural rubber-based tire tread compound
260 ## - PUBLICATION, DISTRIBUTION, ETC. (IMPRINT)
Name of publisher Journal of Rubber Research, 26(5): 2023. 425-439.
300 ## - PHYSICAL DESCRIPTION
Other physical details November
650 ## - SUBJECT ADDED ENTRY--TOPICAL TERM
Topical Term Walnut shell
650 ## - SUBJECT ADDED ENTRY--TOPICAL TERM
Topical Term Filler
650 ## - SUBJECT ADDED ENTRY--TOPICAL TERM
Topical Term Sustainable
650 ## - SUBJECT ADDED ENTRY--TOPICAL TERM
Topical Term Tire
650 ## - SUBJECT ADDED ENTRY--TOPICAL TERM
Topical Term Compound
700 ## - ADDED ENTRY--PERSONAL NAME
Personal name Parmar, B.S.
700 ## - ADDED ENTRY--PERSONAL NAME
Personal name Perumal, P.
700 ## - ADDED ENTRY--PERSONAL NAME
Personal name Jadoun, S.
700 ## - ADDED ENTRY--PERSONAL NAME
Personal name Vaidya, D.
700 ## - ADDED ENTRY--PERSONAL NAME
Personal name Chauhan, N.P.S.
856 ## - ELECTRONIC LOCATION AND ACCESS
Uniform Resource Identifier https://doi.org/10.1007/s42464-023-00226-2
942 ## - ADDED ENTRY ELEMENTS (KOHA)
Koha item type Journals
Holdings
Withdrawn status Lost status Damaged status Not for loan Home library Current library Date acquired Koha item type
        RRII Library RRII Library 14/05/2024 Journals